000 00415nam a22001577a 4500
003 OSt
005 20251031092316.0
008 251031b |||||||| |||| 00| 0 eng d
022 _a0040-5639
100 _aMichael L. Cook, SJ
245 _aTHEOHARIS, LIZ:
_bAlways with Us?
260 _aUSA,
_bSages Publications;
_c2018
300 _aP.185-186
440 _aTheological Studies
_nNo.1
_vVol.79
942 _2lcc
_cART
999 _c204998
_d204958